00922nam a2200193Ia 4500003000900000008004100009020001800050040001600068080002300084111014400107245028000251260003700531300001500568490005100583650002000634650002400654700002300678700002700701IN-BaIIA211028s9999 xx 000 0 eng d a0-7923-0804-2 cIIA Library a52(082.1)bASS-163 aInternational Astronomical Union Colloquium on Radio Recombination Lines, 25 Years of Investigationn125thcPuschino, USSRd1989 Sep. 11-16 0aRadio recombination linesbproceedings of the International Astronomical Union colloquium on radio recombination lines, 25 years of investigation, held in Puschino, USSR, 11-16 Sep 1989cedited byM. A. Gordon and R. L. Sorochenko  aDordrechtbKluwer Academicc1990 avii, 298p. aAstrophysics and space science library; v. 163 aRadio astronomy aRecombination lines aGordon, M. A., ed. aSorochenko, R. L., ed.